ARRUPE JESUIT UNIVERSITY

CORONAVIRUS -STOP THE SPREAD - CLEAN,DISINFECT,COVER

Holy ignorance : (Record no. 130399)

MARC details
000 -LEADER
fixed length control field 01677cam a2200361 a 4500
001 - CONTROL NUMBER
control field 16224861
003 - CONTROL NUMBER IDENTIFIER
control field ARRUPE
005 - DATE AND TIME OF LATEST TRANSACTION
control field 20200312120830.0
008 - FIXED-LENGTH DATA ELEMENTS--GENERAL INFORMATION
fixed length control field 100510s2010 nyu b 001 0 eng
010 ## - LIBRARY OF CONGRESS CONTROL NUMBER
LC control number 2010019537
020 ## - INTERNATIONAL STANDARD BOOK NUMBER
International Standard Book Number 9780231701266 (alk. paper)
020 ## - INTERNATIONAL STANDARD BOOK NUMBER
International Standard Book Number 0231701268 (alk. paper)
020 ## - INTERNATIONAL STANDARD BOOK NUMBER
International Standard Book Number 9781850659921
020 ## - INTERNATIONAL STANDARD BOOK NUMBER
International Standard Book Number 1850659923
035 ## - SYSTEM CONTROL NUMBER
System control number (OCoLC)ocn320798944
040 ## - CATALOGING SOURCE
Original cataloging agency DLC
Transcribing agency DLC
Modifying agency YDX
-- BTCTA
-- CDX
-- TOH
-- MLY
-- YDXCP
-- RCJ
-- BWX
-- DEBBG
-- DLC
050 00 - LIBRARY OF CONGRESS CALL NUMBER
Classification number BL65.C8
Item number R66 2013
082 00 - DEWEY DECIMAL CLASSIFICATION NUMBER
Classification number 201/.7
Edition number 22
300 ## - PHYSICAL DESCRIPTION
Dimensions 23 cm.
100 1# - MAIN ENTRY--PERSONAL NAME
Personal name Roy, Olivier,
Dates associated with a name 1949-
9 (RLIN) 49615
245 10 - TITLE STATEMENT
Title Holy ignorance :
Remainder of title when religion and culture part ways /
Statement of responsibility, etc Olivier Roy.
260 ## - PUBLICATION, DISTRIBUTION, ETC. (IMPRINT)
Place of publication, distribution, etc London :
Name of publisher, distributor, etc Hurst and company,
Date of publication, distribution, etc c2013.
300 ## - PHYSICAL DESCRIPTION
Extent xiv, 259 p. ;
490 1# - SERIES STATEMENT
Series statement Comparative politics and international studies series
504 ## - BIBLIOGRAPHY, ETC. NOTE
Bibliography, etc Includes bibliographical references and index.
505 0# - FORMATTED CONTENTS NOTE
Formatted contents note When religion meets culture -- From civilization to multiculturalism -- Religion, ethnic group, nation -- Culture and religion : the divide -- Free market or domination by market? -- The religion market -- The standardization of religion.
650 #0 - SUBJECT ADDED ENTRY--TOPICAL TERM
Topical term or geographic name as entry element Religion and culture.
9 (RLIN) 572
650 #0 - SUBJECT ADDED ENTRY--TOPICAL TERM
Topical term or geographic name as entry element Globalization
General subdivision Religious aspects.
9 (RLIN) 49616
830 #0 - SERIES ADDED ENTRY--UNIFORM TITLE
Uniform title CERI series in comparative politics and international studies.
9 (RLIN) 49617
856 ## - ELECTRONIC LOCATION AND ACCESS
Uniform Resource Identifier <a href="http://bvbr.bib-bvb.de:8991/F?func=service&doc_library=BVB01&doc_number=021133712&line_number=0001&func_code=DB_RECORDS&service_type=MEDIA">http://bvbr.bib-bvb.de:8991/F?func=service&doc_library=BVB01&doc_number=021133712&line_number=0001&func_code=DB_RECORDS&service_type=MEDIA</a>
Public note Inhaltsverzeichnis
906 ## - LOCAL DATA ELEMENT F, LDF (RLIN)
a 7
b cbc
c orignew
d 1
e ecip
f 20
g y-gencatlg
942 ## - ADDED ENTRY ELEMENTS (KOHA)
Source of classification or shelving scheme Library of Congress Classification
Koha item type Monograph ( Printed materials)
Holdings
Withdrawn status Lost status Source of classification or shelving scheme Damaged status Not for loan Collection code Home library Current library Shelving location Date acquired Total Checkouts Full call number Barcode Date last seen Price effective from Koha item type
    Library of Congress Classification     Main Collection ARRUPE LIBRARY ARRUPE LIBRARY Main Collection 12/03/2020   BL65.C8 R66 2013 46600006711 01/06/2022 12/03/2020 Monograph ( Printed materials)

 

Arrupe Library. PO Box MP320 Mt Pleasant, Harare, Zimbabwe
263 242 745411|librarian@aju.ac.zw